| 000 | 00322nam a2200121Ia 4500 | ||
|---|---|---|---|
| 008 | 230907s9999||||xx |||||||||||||| ||und|| | ||
| 082 |
_a620.5, _bPOO |
||
| 100 |
_aPoole, Charles P. _996224 |
||
| 245 | 0 | _aIntroduction to nanotechnology | |
| 260 |
_aJ. Wiley, _bHoboken, NJ : _c2003 |
||
| 300 | _axii, 388 p. : | ||
| 942 | _cBK | ||
| 999 |
_c597958 _d597958 |
||